লোডিং...

Managing workplace conflicts

গ্রন্থ-পঞ্জীর বিবরন
অন্যান্য লেখক: Subbulakshmi,V
বিন্যাস: Printed Book
প্রকাশিত: Hyderabad The ICFAI University Press 2005
বিষয়গুলি:
LEADER 00510cam a2200169ua 4500
020 |a 81-7881-415-3 
082 |a 658.315  |b MAN 
245 0 0 |a Managing workplace conflicts  
260 |a Hyderabad  |b The ICFAI University Press  |c 2005 
300 |a 151p. 
500 |a Includes index. 
650 |a Management 
650 0 |a Personnel management 
700 |a Subbulakshmi,V 
942 |c BK 
999 |c 17131  |d 17131 
952 |0 0  |1 0  |4 0  |6 658_315000000000000_MAN  |7 0  |9 17865  |a KUCL  |b KUCL  |d 2014-05-23  |l 0  |o 658.315 MAN  |p 18549  |r 2014-05-23  |y BK